| 000 | 00752nam a2200229 a 4500 | ||
|---|---|---|---|
| 999 |
_c7986 _d7986 |
||
| 001 | 7986 | ||
| 003 | BD-JhCC | ||
| 005 | 20180217112321.0 | ||
| 008 | 171018s1999 bg a|||| ||b| 000 0 ben d | ||
| 020 | _a9840739425 | ||
| 035 | _a(BD-JhCC)7986 | ||
| 040 |
_aBD-JhCC _dBD-JhCC |
||
| 041 | _aben | ||
| 082 |
_a539.1205 _bABE 1999 |
||
| 100 | _aআবেদীন, মোহাম্মদ জয়নাল | ||
| 245 |
_aআণবিক বর্ণালি বিশ্লেষণ / _cমোহাম্মদ জয়নাল আবেদীন |
||
| 260 |
_aঢাকা : _bবাংলা একাডেমী, _c1999. |
||
| 300 |
_a256 p. : _c22 cm. |
||
| 650 | _aMolecular Spectroscopy | ||
| 942 |
_2ddc _cBK |
||